00472nam a2200181 a 4500001001300000003000900013005001700022008004100039020002300080082001600103100002000119245002800139260004200167300000900209500003500218650001700253700002000270nice12345678IN_TiNIC20260116014851.0050524s2010 newa grp 000 0 eng  a9788130711928c45000a297.4bSMI3 aSmith, Margaret aATTARb Persian Mystics aNew Delhi bCosmo Publications c2010 a104p aincludes index and biblioraphy aSufism-Attar1 aSmith, Margaret